[Event "Elancourt op"]
[Site "Elancourt"]
[Date "2005.04.27"]
[Round "6"]
[White "Velitchko, Kirill"]
[Black "Mahe, Romain"]
[Result "0-1"]
[WhiteElo "1199"]
[BlackElo "1970"]
[PlyCount "44"]
[EventDate "2005.04.23"]
[EventType "swiss"]
[EventRounds "9"]
[EventCountry "FRA"]
[SourceTitle "CBM 105 Extra"]
[Source "ChessBase"]
[SourceDate "2005.05.01"]
[SourceVersion "1"]
[SourceVersionDate "2005.05.01"]
[SourceQuality "1"]

1. e4 e5 2. Nf3 Nc6 3. Bb5 a6 4. Ba4 Nf6 5. 0-0 Nxe4 6. d4 exd4 7. Re1 d5 8. Nxd4 Bd6 9. Nxc6 Bxh2+ 10. Kf1 Qh4 11. Rxe4+ dxe4 12. Ne5+ b5 13. Qd5 Bxe5 14. Qxe5+ Be6 15. Qxg7 Qh1+ 16. Ke2 Bc4+ 17. Kd2 0-0-0+ 18. Kc3 Qxc1 19. Qg4+ Kb8 20. b3 Qe1+ 21. Kb2 Be6 22. Qg5 bxa4 0-1

[Event "Elancourt op"]
[Site "Elancourt"]
[Date "2005.04.24"]
[Round "2"]
[White "Appavou, Calixte"]
[Black "Velitchko, Kirill"]
[Result "0-1"]
[WhiteElo "1960"]
[BlackElo "1199"]
[PlyCount "61"]
[EventDate "2005.04.23"]
[EventType "swiss"]
[EventRounds "9"]
[EventCountry "FRA"]
[SourceTitle "CBM 105 Extra"]
[Source "ChessBase"]
[SourceDate "2005.05.01"]
[SourceVersion "1"]
[SourceVersionDate "2005.05.01"]
[SourceQuality "1"]

1. e4 c5 2. Nf3 Nc6 3. d4 cxd4 4. Nxd4 Nf6 5. Nc3 e5 6. Nde2 Bb4 7. Bd2 d6 8. Ng3 Be6 9. Bb5 0-0 10. 0-0 Rc8 11. Bd3 Bxc3 12. Bxc3 d5 13. Qe2 d4 14. Bd2 Qb6 15. a3 Ne8 16. Kh1 Nd6 17. f4 f5 18. b3 exf4 19. Bxf4 Nf7 20. a4 Nfe5 21. Bxe5 Nxe5 22. h3 Rc3 23. Nxf5 Bxf5 24. Rxf5 Nxd3 25. cxd3 Qxb3 26. Rb5 Qf7 27. Rd5 Rfc8 28. Rf1 Qe7 29. Rxd4 Rc1 30. Rd5 Qa3 31. a5 0-1

[Event "Elancourt op"]
[Site "Elancourt"]
[Date "2005.04.23"]
[Round "1"]
[White "Velitchko, Kirill"]
[Black "Francois, Jean Claude"]
[Result "1/2-1/2"]
[WhiteElo "1199"]
[BlackElo "1900"]
[PlyCount "83"]
[EventDate "2005.04.23"]
[EventType "swiss"]
[EventRounds "9"]
[EventCountry "FRA"]
[SourceTitle "CBM 105 Extra"]
[Source "ChessBase"]
[SourceDate "2005.05.01"]
[SourceVersion "1"]
[SourceVersionDate "2005.05.01"]
[SourceQuality "1"]

1. e4 e5 2. Nf3 Nc6 3. Bb5 Nge7 4. c3 Ng6 5. 0-0 Bc5 6. d4 exd4 7. cxd4 Bb6 8. Bg5 Nce7 9. Nc3 c6 10. Bc4 0-0 11. d5 d6 12. Re1 h6 13. Bxe7 Qxe7 14. e5 Bg4 15. exd6 Qxd6 16. h3 Bxf3 17. Qxf3 Ne5 18. Qe2 Nxc4 19. Qxc4 Rae8 20. Ne4 Qxd5 21. Qxd5 cxd5 22. Nd6 Rd8 23. Nf5 d4 24. Re7 d3 25. Rd1 Bc5 26. Rxb7 Rfe8 27. Rc7 Re5 28. g4 Bb6 29. Re7 Rc5 30. Ne3 d2 31. Kf1 Kf8 32. Re5 Rc1 33. Ke2 Bxe3 34. Rxe3 Rc2 35. Rb3 Rd7 36. a3 f6 37. Rb5 Kf7 38. f4 Kg6 39. h4 Kf7 40. b4 Ra2 41. Ra5 Rb2 42. Rc5 1/2-1/2